00333pab a2200133 454500008004000000100001700040245006100057260000900118300001300127362000800140650001500148700002000163773001600183180718b2009 xxu||||| |||| 00| 0 eng d aLenke, Karin aWomen who have sex with women in the global HIV pandemic c2009 ap.91-94. aMar aHomophobia aPiehl, Mathilda aDevelopment